000 00666nam a2200253Ia 4500
003 OSt
005 20221005131755.0
006 a|||||r|||| 00| 0
007 ta
008 221004b |||||||| |||| 00| 0 kan d
024 _a59821
037 _cTextual
040 _aCRL
_cCRL
_bkan
041 _2kan
_akan
082 _aO33,1HMA,1, L2
100 _aMalikarjuna Au.
_9640065
245 0 _aSukti sudharnava
260 _c1972
650 _a KANNAD POETRY
650 _aKANNAD LITERATURE
700 _a N. Anantharan Ed.
_9640066
942 _hO33,1HMA,1, L2
_cTEXL
_2cc
999 _c1061364
_d1061364